| 000 | 01234cam a2200253 a 4500 | ||
|---|---|---|---|
| 001 | 000014602 | ||
| 005 | 20200929163856.0 | ||
| 008 | 001128s1997 cr b 000 0 spa d | ||
| 020 | _a9977303053 | ||
| 035 | _a(OCoLC)ocm46429938 | ||
| 040 |
_aDO-SdBNP _cIQU _dDLC |
||
| 082 |
_a305.23509728 _bS471t |
||
| 111 | 1 |
_aSeminario-Taller Participación de la Juventud en la Construcción de una Cultura de Convivencia, Solidaridad y Paz en Centroamérica _d(julio, 1996 : _cNicaragua) _933064 |
|
| 245 | 1 | 0 | _aMemoria del Seminario-Taller Participación de la Juventud en la Construcción de una Cultura de Convivencia, Solidaridad y Paz en Centroamérica. |
| 246 | 3 | 0 | _aParticipación de la Juventud en la Construcción de una Cultura de Convivencia, Solidaridad y Paz en Centroamérica |
| 246 | 1 | 4 | _aMemoria |
| 260 |
_aSan José, Costa Rica : _bConsejo Superior Universitario Centroaméricano ; _bUNESCO, _c1997. |
||
| 300 |
_a298 p. ; _c21 cm. |
||
| 500 | _aOrganización de las Naciones Unidas para la Educación, la Ciencia y la Cultura. | ||
| 504 | _aBibliografías: p. 293-298. | ||
| 650 | 4 |
_aJuventud _zAmérica Central _xCondiciones sociales _933065 |
|
| 650 | 4 |
_aJuventud y paz _933066 |
|
| 910 | _aCatalogación por copia / LC | ||
| 999 |
_c14188 _d14188 |
||